| 000 | 00453nam a2200157Ia 4500 | ||
|---|---|---|---|
| 008 | 230917s9999||||xx |||||||||||||| ||und|| | ||
| 040 |
_e185524 _aMAIN |
||
| 041 | _aEnglish | ||
| 082 | _a6587 C465L(2) | ||
| 100 | _aChristopher, Martin | ||
| 245 | 0 | _aLogistics and supply chain management: Strategies for reducing cost and improving service | |
| 250 | _a2nd ed. | ||
| 260 |
_aNew Delhi _bDorling Kindersley _c1998 |
||
| 300 | _a304 p. | ||
| 942 | _cBK | ||
| 999 |
_c164580 _d164580 |
||